01194nam a2200253 a 450000100100000000500170001000800410002704000250006808200190009310000360011224500240014826000360017230000200020850000680022859000260029665000280032265000310035091000380038195201320041995201320055195201170068395201230080099900170092300001042620240412074218.0091007s1978 dr r 000 p spa d aDO-SdBNPbspacBNPHU aRD861.44bJ25h1 aJakowska, Sophie,d1922-92543210aHijos de la tierra. aSanto Domingo :bTaller,c1978. a38 p. ;c21 cm. aIncluye datos biográficos de la autora en las páginas 37-38 aInventariado, 2018/BT 0aPoesía dominicana966 0aLiteratura dominicana.967 aValidado. Control de calidad. MFF 001054708DSaGRbGRcHDd2011-01-28iLF1l0oRD861.44 J25hp10426-30r2020-06-25te. 3w2020-06-25yLFDSZPréstamo en sala 001054708DSaGRbGRcHDd2011-01-28iLF1l0oRD861.44 J25hp10426-40r2020-06-25te. 4w2020-06-25yLFDSZPréstamo en sala 0010718PDaPDbPDcHDd2009-10-07iLF1l0oRD861.44 J25hp10426-10r2020-06-25w2020-06-25yLFPDZNo se presta 0010718PDaPDbPDcHDd2011-01-28iLF1l0oRD861.44 J25hp10426-20r2020-06-25te. 2w2020-06-25yLFPDZNo se presta c10185d10185